The infinite cosmos : (Record no. 29846)

000 -LEADER
fixed length control field 00450 a2200157 4500
003 - CONTROL NUMBER IDENTIFIER
control field NUST
005 - DATE AND TIME OF LATEST TRANSACTION
control field 20180118123001.0
008 - FIXED-LENGTH DATA ELEMENTS--GENERAL INFORMATION
fixed length control field 180118b xxu||||| |||| 00| 0 eng d
020 ## - INTERNATIONAL STANDARD BOOK NUMBER
International Standard Book Number 019953361X
020 ## - INTERNATIONAL STANDARD BOOK NUMBER
International Standard Book Number 9780199533619
082 ## - DEWEY DECIMAL CLASSIFICATION NUMBER
Classification number 523.1
100 1# - MAIN ENTRY--PERSONAL NAME
Personal name Silk, Joseph.
9 (RLIN) 8722
245 14 - TITLE STATEMENT
Title The infinite cosmos :
Remainder of title questions from the frontiers of cosmology /
Statement of responsibility, etc. Joseph Silk.
260 ## - PUBLICATION, DISTRIBUTION, ETC.
Place of publication, distribution, etc. [S.l.] :
Name of publisher, distributor, etc. Oxford University Press, USA,
Date of publication, distribution, etc. 2006.
300 ## - PHYSICAL DESCRIPTION
Extent 256 p. ;
Dimensions 20 cm.
700 ## - ADDED ENTRY--PERSONAL NAME
Personal name Silk, Joseph.
9 (RLIN) 8722
942 ## - ADDED ENTRY ELEMENTS (KOHA)
Institution code [OBSOLETE] SNS
Koha item type Book
Call number prefix 523.1 SIL
Source of classification or shelving scheme
Holdings
Withdrawn status Lost status Damaged status Not for loan Permanent Location Current Location Date acquired Total Checkouts Full call number Barcode Date last seen Date last checked out Price effective from Koha item type
        School of Natural Sciences (SNS) School of Natural Sciences (SNS) 05/26/2016 1 523.1 SIL SNS0001300 09/14/2019 12/11/2018 05/26/2016 Book
© 2023 Central Library, National University of Sciences and Technology. All Rights Reserved.